Unión industrial : revista mensual de la industria textil y sus anexos / revista mensual de la industria textil y sus anexos /
Descripción Física:
4 volums : il·lustracions, periodicitat mensual ; 31 cm
Materias:
Unión Industrial de Barcelona
; Unión Industrial de Barcelona -- Revistes
; Indústria tèxtil -- Revistes
; Revistes
Idioma:
Español
MARC
| LEADER | 00000nas a2200000 a 4500 | ||
|---|---|---|---|
| 001 | 9231, 9232, 9233, 9234 | ||
| 003 | Arxiu | ||
| 005 | 20260324181053.0 | ||
| 008 | 160829m1906 spcar px spa c 000 0 cat d | ||
| 040 | |a AGDB | ||
| 245 | 0 | 0 | |a Unión industrial : |b revista mensual de la industria textil y sus anexos / |c redacción y administración: sección de periódico de La Unión Industrial |
| 260 | |a Barcelona : |b Sección de Periódico de La Unión Industrial, |c 1906-1909 | ||
| 300 | |a 4 volums : |b il·lustracions, periodicitat mensual ; |c 31 cm | ||
| 310 | |a Periodicitat mensual | ||
| 362 | |a Año 1, no. 1 (mayo 1906)-Año 4, no. 12 (diciembre 1909) | ||
| 590 | |a Mensual. | ||
| 590 | |a Text en català i castellà. | ||
| 590 | |a Els números 4 i 11 de 1908 provenen de 2290, exp. 1 | ||
| 610 | 2 | 0 | |a Unión Industrial de Barcelona |9 55541 |
| 610 | 2 | 0 | |a Unión Industrial de Barcelona |v Revistes |9 55542 |
| 650 | 0 | |a Indústria tèxtil |x Revistes |9 47188 |2 Arxiu | |
| 655 | 0 | |9 55823 |a Revistes | |
| 710 | 2 | |a Unión Industrial de Barcelona |e entitat editora |9 55541 | |
| 866 | |a Any 1, 1906 (1, 2, 3, 4, 5, 6, 7, 8); any 2, 1907 (1, 2, 3, 4, 5, 6, 7, 8, 9, 10, 11, 12); any 3, 1908 (1, 2, 3, 4, 5, 6, 7, 8, 9, 10, 11, 12); any 4, 1909 (1, 2, 3, 4, 5, 6, 7, 8, 9, 10, 11, 12) | ||
| 901 | |a Arxiu | ||
| 942 | |n 1 |2 udc |c REV | ||
| 952 | |0 0 |1 0 |4 0 |6 REV562 |7 1 |9 54625 |a Arxiu |b Arxiu |d 2016-12-01 |h Año 1, núm. 1 (mayo 1906) - Año 1, núm. 8 (diciembre 1906) |o Rev-562 |p 9231 |r 2016-12-01 00:00:00 |w 2016-12-01 |y ARXIU | ||
| 952 | |0 0 |1 0 |4 0 |6 REV563 |7 1 |9 65267 |a Arxiu |b Arxiu |d 2023-02-09 |h Año 2, núm. 1 (enero 1907) - Año 2, núm. 12 (diciembre 1907) |l 0 |o Rev-563 |p 9232 |r 2023-02-09 00:00:00 |w 2023-02-09 |y ARXIU | ||
| 952 | |0 0 |1 0 |4 0 |6 REV564 |7 1 |9 65268 |a Arxiu |b Arxiu |d 2023-02-09 |h Año 3, núm. 1 (enero 1908) - Año 3, núm. 12 (diciembre 1908) |l 0 |o Rev-564 |p 9233 |r 2023-02-09 00:00:00 |w 2023-02-09 |y ARXIU | ||
| 952 | |0 0 |1 0 |4 0 |6 REV565 |7 1 |9 65269 |a Arxiu |b Arxiu |d 2023-02-09 |h Año 4, núm. 1 (enero 1909) - Año 4, núm. 12 (diciembre 1909) |l 0 |o Rev-565 |p 9234 |r 2023-02-09 00:00:00 |w 2023-02-09 |y ARXIU | ||
| 999 | |c 58494 |d 58494 | ||